| Tag |
First Indicator |
Second Indicator |
Subfields |
| LEADER |
00000cam a2200000 a 4500 |
| 001 |
in00002874513 |
| 005 |
20151202172159.0 |
| 008 |
120905r20122011nyu 000 f eng d |
| 020 |
|
|
|a 9780062202505 (pbk.)
|
| 020 |
|
|
|a 0062202502 (pbk.)
|
| 035 |
|
|
|a (OCoLC)ocn812972916
|
| 040 |
|
|
|a YDXCP
|c YDXCP
|d KNJ
|d CDX
|d OUN
|d IQU
|d TXA
|d UtOrBLW
|
| 049 |
|
|
|a TXAM
|
| 082 |
0 |
|
|a 823.914
|
| 090 |
|
|
|a PR6054.A923
|b L83 2012
|
| 100 |
1 |
|
|a Dawson, Jill.
|
| 245 |
1 |
0 |
|a Lucky bunny :
|b a novel /
|c Jill Dawson.
|
| 250 |
|
|
|a First U.S. ed.
|
| 264 |
|
1 |
|a New York :
|b Harper Perennial,
|c [2012]
|
| 264 |
|
4 |
|c ©2012
|
| 300 |
|
|
|a 352, 16 pages ;
|c 21 cm.
|
| 336 |
|
|
|a text
|b txt
|2 rdacontent
|
| 337 |
|
|
|a unmediated
|b n
|2 rdamedia
|
| 338 |
|
|
|a volume
|b nc
|2 rdacarrier
|
| 500 |
|
|
|a Includes readers' guide with title: P.S., insights, interviews & more.
|
| 500 |
|
|
|a "Originally published in Great Britain in 2011 by Sceptre."
|
| 520 |
|
|
|a Crime's a man's business. So they say. Who was that small figure then, slender enough to trot along the moonlit track, swift and low, virtually invisible? Who was it that covered the green signal with a glove to stop the train, while the two others took care of the driver and his mate? Could it have been one Queenie Dove, survivor of the Depression and the Blitz, not to mention any number of scrapes with the law?' Queenie Dove is a self-proclaimed genius when it comes to thieving and escape. Daring, clever and sexy, she ducked and dived through the streets of London from the East End through Soho to Mayfair, graduating from childhood shop-lifting to more glamorous crimes in the post-war decades. So was she wicked through and through, or more sinned against than sinning? Here she tells a vivacious tale of trickery and adventure, but one with more pain and heartbreak than its heroine cares to admit. Yes, luck often favored her, but that is only part of the story.
|
| 650 |
|
0 |
|a Female offenders
|v Fiction.
|
| 650 |
|
0 |
|a Thieves
|v Fiction.
|
| 651 |
|
0 |
|a London (England)
|x Social life and customs
|y 20th century
|v Fiction.
|
| 650 |
|
0 |
|a Mystery fiction.
|
| 945 |
|
|
|a PromptCat
|
| 948 |
|
|
|a cataloged
|b h
|c 2013/1/2
|d c
|e dmitchel
|f 9:50:30 am
|
| 994 |
|
|
|a C0
|b TXA
|
| 999 |
|
|
|a MARS
|
| 999 |
f |
f |
|s 8903b379-5d4d-3355-a4d7-002da75a60af
|i 60f9700a-f28e-3a63-bf3f-60c83a10ba04
|t 0
|
| 952 |
f |
f |
|p normal
|a Texas A&M University
|b College Station
|c Sterling C. Evans Library
|d Evans: Library Stacks
|t 0
|e PR6054.A923 L83 2012
|h Library of Congress classification
|i unmediated -- volume
|m A14836011086
|
| 998 |
f |
f |
|a PR6054.A923 L83 2012
|t 0
|l Evans: Library Stacks
|